000 00822cam a22002653a 4500
001 15038
003 PGUSA
005 20140828083325.0
008 050214s2005||||xxu|||||s|||||000 | eng d
040 _aPGUSA
_beng
042 _adc
050 4 _aDS
100 1 _aCotteau, Edmond,
_d1833-
245 1 0 _aKrakatau en de Straat Soenda :
_bDe Aarde en haar Volken, 1886
_h[electronic resource] /
_cEdmond Cotteau
260 _bProject Gutenberg,
_c2005
506 _aPublic domain in the USA.
516 _aElectronic text
653 _aIndonesia -- Description and travel
653 _aSunda Strait (Indonesia)
653 _aCotteau, Edmond, b. 1833 -- Travel -- Indonesia
653 _aKrakatoa (Indonesia)
830 0 _aProject Gutenberg
_v15038
856 4 0 _uhttp://www.gutenberg.org/ebooks/15038
942 _cEB
999 _c244293
_d244293